<?xml version="1.0" encoding="UTF-8"?>
<record
    xmlns:xsi="http://www.w3.org/2001/XMLSchema-instance"
    xsi:schemaLocation="http://www.loc.gov/MARC21/slim http://www.loc.gov/standards/marcxml/schema/MARC21slim.xsd"
    xmlns="http://www.loc.gov/MARC21/slim">

  <leader>02234nam a22002897a 4500</leader>
  <controlfield tag="003">OSt</controlfield>
  <controlfield tag="005">20260512153842.0</controlfield>
  <controlfield tag="008">251023b        |||||||| |||| 00| 0 eng d</controlfield>
  <datafield tag="022" ind1=" " ind2=" ">
    <subfield code="a">0022-2380</subfield>
  </datafield>
  <datafield tag="040" ind1=" " ind2=" ">
    <subfield code="a">English</subfield>
    <subfield code="c">tbs</subfield>
  </datafield>
  <datafield tag="041" ind1=" " ind2=" ">
    <subfield code="a">English</subfield>
  </datafield>
  <datafield tag="100" ind1=" " ind2=" ">
    <subfield code="a">Hond, Frank</subfield>
    <subfield code="9">26433</subfield>
  </datafield>
  <datafield tag="245" ind1=" " ind2=" ">
    <subfield code="a">Playing on Two Chessboards</subfield>
    <subfield code="b">: Reputation Effects between Corporate Social Responsibility ( CSR) and Corporate Political Activity ( CPA)</subfield>
    <subfield code="c">/ Nicolas M. Dahan, Michael Hadani and Douglas A. Schuler</subfield>
  </datafield>
  <datafield tag="260" ind1=" " ind2=" ">
    <subfield code="b">Journal of Management Studies (John Wiley &amp; Sons, Inc.)</subfield>
    <subfield code="c">2014</subfield>
  </datafield>
  <datafield tag="362" ind1=" " ind2=" ">
    <subfield code="a">Journal of Management Studies (John Wiley &amp; Sons, Inc.). Jul2014, Vol. 51 Issue 5, p790-813. 24p. 1 Diagram.</subfield>
  </datafield>
  <datafield tag="520" ind1=" " ind2=" ">
    <subfield code="a">It has recently been argued that corporate social responsibility ( CSR) is 'political'. It has been neglected however, that firms also operate politically in a traditional sense, in seeking to secure favourable political conditions for their businesses. We argue that there are potential synergies between CSR and corporate political activity ( CPA) that are often overlooked by firms and that recognition of these synergies will stimulate firms to align their CSR and CPA. We develop a conceptual model that specifies how various configurations of a firm's CSR and CPA - alignment, misalignment, and non-alignment - affect the firm's reputation beyond the separate reputation effects of CSR and CPA. This model has important implications for understanding how and why firms should pay attention to their CPA and CSR configurations, and thereby contributes to the broader issue of why firms should make sure that they are consistent in terms of responding to stakeholder concerns.</subfield>
  </datafield>
  <datafield tag="653" ind1=" " ind2=" ">
    <subfield code="a">Corporate political activity</subfield>
  </datafield>
  <datafield tag="653" ind1=" " ind2=" ">
    <subfield code="a">Social responsibility of business</subfield>
  </datafield>
  <datafield tag="653" ind1=" " ind2=" ">
    <subfield code="a">Investor relations (Corporations)</subfield>
  </datafield>
  <datafield tag="653" ind1=" " ind2=" ">
    <subfield code="a">Reputation</subfield>
  </datafield>
  <datafield tag="653" ind1=" " ind2=" ">
    <subfield code="a">Corporate public relations</subfield>
  </datafield>
  <datafield tag="700" ind1=" " ind2=" ">
    <subfield code="a">Rehbein, Kathleen A.</subfield>
    <subfield code="9">26434</subfield>
  </datafield>
  <datafield tag="700" ind1=" " ind2=" ">
    <subfield code="a">Bakker, Frank G. A. </subfield>
    <subfield code="9">26435</subfield>
  </datafield>
  <datafield tag="700" ind1=" " ind2=" ">
    <subfield code="a">Lankveld, Hilde Kooijmans&#x2010;van</subfield>
    <subfield code="9">26436</subfield>
  </datafield>
  <datafield tag="856" ind1=" " ind2=" ">
    <subfield code="u">https://bibliotheque.tbs-education.fr/Default/doc/bth/96667276/playing-on-two-chessboards-reputation-effects-between-corporate-social-responsibility-csr-and-corpor</subfield>
  </datafield>
  <datafield tag="942" ind1=" " ind2=" ">
    <subfield code="2">lcc</subfield>
  </datafield>
  <datafield tag="952" ind1=" " ind2=" ">
    <subfield code="0">0</subfield>
    <subfield code="1">0</subfield>
    <subfield code="2">lcc</subfield>
    <subfield code="4">0</subfield>
    <subfield code="7">0</subfield>
    <subfield code="a">TBS</subfield>
    <subfield code="b">TBS</subfield>
    <subfield code="d">2025-11-05</subfield>
    <subfield code="l">0</subfield>
    <subfield code="r">2025-11-05</subfield>
    <subfield code="u">https://bibliotheque.tbs-education.fr/Default/doc/bth/96667276/playing-on-two-chessboards-reputation-effects-between-corporate-social-responsibility-csr-and-corpor</subfield>
    <subfield code="w">2025-11-05</subfield>
    <subfield code="y">ARTICLE</subfield>
  </datafield>
  <datafield tag="999" ind1=" " ind2=" ">
    <subfield code="c">5148</subfield>
    <subfield code="d">5148</subfield>
  </datafield>
</record>
